000 01327nam0a2200373 4500
001 RU\NLR\BIBL_A\012725716
005 20250624132307.0
035 _a(NLR Aleph) 012725716
090 _a12955687
_c12955687
100 _a20220310d1968 |||y0rusy50 ca
101 0 _arus
102 _aRU
105 _ay z 001zy
181 0 _ai
_baxxe
182 0 _an
200 1 _aThe Near East
_ea modern history
_fby William Yale
203 _aТекст
_bвизуальный
_cнепосредственный
205 _aNew ed., rev. a. enl.
210 _aAnn Arbor
_cUniversity of Michigan press
_dcop. 1968
215 _aX, 495, XXII с.
_d24
225 1 _aThe University of Michigan history of the modern world
300 _aНа обл. авт. не указан
320 _aБиблиогр. в примеч.: с. 477-489
320 _a"Suggested readings": с. 491-495
320 _aУказ.: с. I-XXII
541 1 _aБлижний Восток: современная история
607 _aБлижний Восток
_xИстория
_z19 - 20 вв.
_92350741
_3RU\NLR\AUTH\661404422
686 1 _aТ3(53)5/6,02
700 1 _aYale
_bW.
_gWilliam
942 _cBOOK
980 _aNB